[Event "Nyiregyhaza op"]
[Site "Nyiregyhaza"]
[Date "1996.??.??"]
[Round "8"]
[White "Savtchour, Fedor"]
[Black "Paszerbovics, Sandor"]
[Result "0-1"]
[WhiteElo "2215"]
[BlackElo "2035"]
[PlyCount "56"]
[EventDate "1996.07.??"]
[EventType "swiss"]
[EventRounds "9"]
[EventCountry "HUN"]
[SourceTitle "EXT 2004"]
[Source "ChessBase"]
[SourceDate "2003.11.25"]
[SourceVersion "1"]
[SourceVersionDate "2003.11.25"]
[SourceQuality "1"]

1. d4 Nf6 2. Nf3 g6 3. Bg5 Bg7 4. Nbd2 d6 5. e3 Bf5 6. Bd3 Bxd3 7. cxd3 Nbd7 8. 0-0 0-0 9. h3 b6 10. Qb3 c5 11. d5 h6 12. Bh4 g5 13. Bg3 Nh5 14. Bh2 Nhf6 15. e4 Nh7 16. g4 a6 17. a4 Re8 18. Nc4 Qc7 19. Nfd2 Nhf8 20. f4 Bd4+ 21. Kg2 Ng6 22. fxg5 Nh4+ 23. Kh1 hxg5 24. Nf3 Nxf3 25. Rxf3 Kg7 26. Raf1 f6 27. Bg1 Be5 28. Be3 Rab8 0-1